Representaciones de antepasados en el arte paleolítico / (Record no. 164568)

MARC details
000 -LEADER
campo de control de longitud fija 00827nam a2200205 i 4500
001 - NÚMERO DE CONTROL
campo de control 164568
003 - IDENTIFICADOR DE NÚMERO DE CONTROL
campo de control ES-MaACL
005 - FECHA Y HORA DE LA ÚLTIMA TRANSACCIÓN
campo de control 20251014063239.0
008 - DATOS DE LONGITUD FIJA--INFORMACIÓN GENERAL
campo de control de longitud fija 180531s1916 sp |||| | spa d
100 1# - ENTRADA PRINCIPAL--NOMBRE DE PERSONA
Nombre de persona Wernert, Paul,
Fechas asociadas al nombre 1889-1972
9 (RLIN) 152482
245 10 - MENCIÓN DEL TÍTULO
Título Representaciones de antepasados en el arte paleolítico /
Mención de responsabilidad, etc. por Paul Wernert.
260 ## - PUBLICACIÓN, DISTRIBUCIÓN, ETC.
Lugar de publicación, distribución, etc. Madrid :
Nombre del editor, distribuidor, etc. Museo Nacional de Ciencias Naturales,
Fecha de publicación, distribución, etc. 1916.
300 ## - DESCRIPCIÓN FÍSICA
Extensión 62 p. :
Otras características físicas il. ;
Dimensiones 27 cm.
490 1# - MENCIÓN DE SERIE
Mención de serie Comisión de Investigaciones Paleontológicas y Prehistoricas ;
Designación de volumen o secuencia 12
594 ## - Nota al título y mención de responsabilidad
Nota al título y mención de responsabilidad Precede al tít.: Junta para Ampliación de Estudios e Investigaciones.
650 07 - PUNTO DE ACCESO ADICIONAL DE MATERIA--TÉRMINO DE MATERIA
Término de materia o nombre geográfico como elemento de entrada Arte prehistórico
Fuente del encabezamiento o término embne
9 (RLIN) 10269
830 0# - PUNTO DE ACCESO ADICIONAL DE SERIE-TÍTULO UNIFORME
Título uniforme Comisión de Investigaciones Paleontológicas y Prehistóricas
Designación de volumen o secuencia 12
9 (RLIN) 230771
852 ## - LOCALIZACIÓN
Ubicación ES-MaACL
Número de control de estantería B-13003(3)
Holdings
Estatus retirado Estado de pérdida Estado de daño No para préstamo Biblioteca de origen Biblioteca actual Ubicación en estantería Fecha de adquisición Fuente de adquisición Total de préstamos Signatura topográfica completa Código de barras Visto por última vez Precio de reemplazo Tipo de ítem Koha
        Biblioteca del Ateneo de Madrid Biblioteca del Ateneo de Madrid Sala Pardo Bazán 31/05/2018     B-13003(3) 1198922 23/02/2023 23/02/2023 Libro impreso